Alfa & Omega. Zvrhlá hra /
Dívčí román o zvrhlé hře mezi školním fotbalovým týmem a šťouravou novinářkou.
Uloženo v:
| Série: | Alfa & Omega,
část 1 |
|---|---|
| Hlavní autor: | |
| Médium: | E-kniha |
| Jazyk: | Czech |
| Vydáno: |
Praha :
Dobrovský s.r.o.,
2024
|
| Edice: | Red
|
| Témata: | |
| Příbuzné jednotky: | Z cyklu::
Alfa & Omega |
| Tagy: |
Žádné tagy |
| LEADER | 02659nam a2200493 i 4500 | ||
|---|---|---|---|
| 001 | 312448 | ||
| 003 | CZ PrSKC | ||
| 005 | 20260601215722.0 | ||
| 007 | ta | ||
| 008 | 240619s2024 xr e 000 f cze | ||
| 015 | |a cnb003612238 | ||
| 020 | |a 9788027742547 |q (brožováno) | ||
| 035 | |a (OCoLC)1519102397 | ||
| 040 | |a ABG001 |b cze |d OLA001 |d ABA001 |e rda | ||
| 072 | 7 | |a 821.162.3-3 |x Česká próza |2 Konspekt | |
| 080 | |a 821.162.3-31 |2 MRF | ||
| 080 | |a (0:82-993) |2 MRF | ||
| 080 | |a (0:82-312.5) |2 MRF | ||
| 100 | 1 | |a Puffrová, Tess M. |7 jo20201080954 |4 aut | |
| 245 | 1 | 0 | |a Alfa & Omega. |p Zvrhlá hra / |c Tess M. Puffrová |
| 246 | 3 | |a Alfa a Omega | |
| 246 | 3 | 0 | |a Zvrhlá hra |
| 264 | 1 | |a Praha : |b Dobrovský s.r.o., |c 2024 | |
| 300 | |a 297 stran ; |c 20 cm | ||
| 336 | |a text |b txt |2 rdacontent | ||
| 337 | |a bez média |b n |2 rdamedia | ||
| 338 | |a svazek |b nc |2 rdacarrier | ||
| 490 | 1 | |a Red | |
| 500 | |a Obsahuje QR kód s přístupem k audionahrávkám | ||
| 520 | 2 | |a Dívčí román o zvrhlé hře mezi školním fotbalovým týmem a šťouravou novinářkou. |b Pro někoho je americký fotbal jen hra, na kterou se rádi podívají v televizi. Pro jiné je to důvod, proč ráno vstát z postele, proč chodit, proč dýchat. Lana miluje fotbal a jejím snem je stát se uznávanou sportovní reportérkou. Své studium a všechny snahy však dá všanc, když udělá jednu neodpustitelnou chybu - nechá se svést nejlepším hráčem, kterého univerzita kdy měla. Dylan zasvětil život fotbalu, ale jeho vyhlídky na budoucnost v NFL jsou ohroženy jednou všetečnou novinářkou. Vyhlásila nám válku a chce nás potopit, ať to stojí, co to stojí. Výhrůžky na ni neplatí. Měl by se od ní držet dál, ale nějak nedokáže myslet hlavou. Nakladatelská anotace. Kráceno. | |
| 546 | |a Český text | ||
| 655 | 7 | |a české romány |7 fd133974 |2 czenas | |
| 655 | 7 | |a erotické romány |7 fd132211 |2 czenas | |
| 655 | 7 | |a milostné romány |7 fd132840 |2 czenas | |
| 655 | 9 | |a Czech fiction |2 eczenas | |
| 655 | 9 | |a erotic novels |2 eczenas | |
| 655 | 9 | |a love novels |2 eczenas | |
| 787 | 0 | 8 | |i Z cyklu: |t Alfa & Omega |g 1 |
| 830 | 0 | |a Red | |
| 900 | |a ABA001 |b 20 | ||
| 044 | |a xr | ||
| 910 | |a RBIT002 | ||
| 998 | |d 407428 |a https://core.palmknihy.cz/api/books/407428/cover?shea0a |b https://core.palmknihy.cz/api/books/407428/cover/400?shea0a |c https://core.palmknihy.cz/api/books/407428/cover/50?shea0a |e 2034-06-12 |g 297 |i 9788027742547 |j https://core.palmknihy.cz/api/books/407428/preview.epub |k https://core.palmknihy.cz/api/books/407428/preview.pdf |l |q 49 |r 1 |s https://www.palmknihy.cz/kniha/407428 |t ebook |y 2024 |z 0 |v Alfa & Omega |w 1 | ||
| 999 | |d 312446 | ||